|
|
|
|
| LEADER |
00675nam a22001932a 4500 |
| 001 |
000553577 |
| 003 |
CZ BrMZK |
| 005 |
20050725135940.0 |
| 007 |
ta |
| 008 |
990307s1977 xr f cze d |
| 040 |
|
|
|a BOA001
|b cze
|c BOA001
|
| 100 |
1 |
|
|a Bečka, Karel
|7 jk01011289
|4 aut
|
| 245 |
1 |
0 |
|a Co nebylo v učebnicích ... :
|b pro žáky posledního ročníku základní školy /
|c Karel Bečka
|
| 260 |
|
|
|a Praha :
|b Ústav zdravotní výchovy,
|c 1977
|
| 300 |
|
|
|a 4 s.
|
| 910 |
|
|
|a BOA001
|b PK-0082.358
|
| 964 |
|
|
|a Chlapci dospívající - život pohlavní - návody
|
| 990 |
|
|
|a BK
|
| 996 |
6 |
|
|b BC-224870
|c PK-0082.358
|l MZK
|r Sklad / do 1 hodiny
|n 0
|w 000553577
|u 000010
|a 1
|e BOA001
|j MZK50
|s P
|